Acidification in Europe <a> simulation Model for Evaluating Control Strategies

Na minha lista:
Detalhes bibliográficos
Formato: Livro
Idioma:inglês
Publicado em: Laxenburg International Institute for Applied Systems Analysis 1988
Edição:1. ed.
Tags: Adicionar Tag
Sem tags, seja o primeiro a adicionar uma tag!

MARC

LEADER 00000nam a2200000 4500
001 c028010
005 20221219115433.5
041 0 |a eng 
044 |a AT 
245 1 0 |a Acidification in Europe  |b <a> simulation Model for Evaluating Control Strategies 
250 |a 1. ed. 
264 1 |a Laxenburg  |b International Institute for Applied Systems Analysis  |c 1988 
300 |a s. 232-245